000
00255nam a2200097Ia 4500
008
170620s9999 xx 000 0 und d
100
_a
Sharma- S. K. (Hindi)
245
0
_a
Ruppradh Kala Ke Muladhar
260
_b
Meerut; International Publishing House
260
_c
2010
300
_a
131
999
_c
27912
_d
27912